Lion cub roars / (Record no. 5620)

MARC details
000 -LEADER
fixed length control field 01115cam a22003617a 4500
001 - CONTROL NUMBER
control field 5620
003 - CONTROL NUMBER IDENTIFIER
control field FISKH
005 - DATE AND TIME OF LATEST TRANSACTION
control field 20241220123814.0
008 - FIXED-LENGTH DATA ELEMENTS--GENERAL INFORMATION
fixed length control field 110414s2010 ctua a 000 1 eng d
010 ## - LIBRARY OF CONGRESS CONTROL NUMBER
LC control number 2011927508
020 ## - INTERNATIONAL STANDARD BOOK NUMBER
International Standard Book Number 9781607272038
020 ## - INTERNATIONAL STANDARD BOOK NUMBER
International Standard Book Number 9781607272038
020 ## - INTERNATIONAL STANDARD BOOK NUMBER
International Standard Book Number 1607272032
040 ## - CATALOGING SOURCE
Original cataloging agency BTCTA
Language of cataloging eng
Transcribing agency BTCTA
Modifying agency OCL
-- DMM
-- BDX
-- DLC
050 ## - LIBRARY OF CONGRESS CALL NUMBER
Classification number QL737.C23
082 ## - DEWEY DECIMAL CLASSIFICATION NUMBER
Classification number 599.7571392
100 1# - MAIN ENTRY--PERSONAL NAME
Personal name McCune, Jamie.
245 10 - TITLE STATEMENT
Title Lion cub roars /
Statement of responsibility, etc. by Jamie McCune.
260 ## - PUBLICATION, DISTRIBUTION, ETC.
Place of publication, distribution, etc. Soundprints :
Name of publisher, distributor, etc. Norwalk,
Date of publication, distribution, etc. 2011.
300 ## - PHYSICAL DESCRIPTION
Extent 14 unnumbered pages :
Other physical details color illustrations ;
Dimensions 19 cm
490 1# - SERIES STATEMENT
Series statement Baby animals
500 ## - GENERAL NOTE
General note Cover title.
500 ## - GENERAL NOTE
General note On board pages.
505 ## - FORMATTED CONTENTS NOTE
Formatted contents note F
520 ## - SUMMARY, ETC.
Summary, etc. Lion Cub is growing up. Join Lion Cub as he explores and tries new things. Soon Lion Cub will learn how to roar! --
521 ## - TARGET AUDIENCE NOTE
Target audience note 300<br/><br/>
Source Lexile estimate <br/><br/>
521 ## - TARGET AUDIENCE NOTE
Target audience note F<br/>
Source Raz-Plus<br/>
650 #0 - SUBJECT ADDED ENTRY--TOPICAL TERM
Topical term or geographic name entry element Lion
Form subdivision Juvenile literature.
650 #0 - SUBJECT ADDED ENTRY--TOPICAL TERM
Topical term or geographic name entry element Lion
General subdivision Infancy
Form subdivision Juvenile literature.
906 ## - LOCAL DATA ELEMENT F, LDF (RLIN)
a 7
b cbc
c copycat
d 2
e ncip
f 20
g y-gencatlg
942 ## - ADDED ENTRY ELEMENTS (KOHA)
Source of classification or shelving scheme Dewey Decimal Classification
Koha item type Books
Suppress in OPAC No
Holdings
Withdrawn status Lost status Source of classification or shelving scheme Damaged status Not for loan Collection Home library Current library Shelving location Date acquired Total Checkouts Full call number Barcode Date last seen Copy number Price effective from Koha item type
    Dewey Decimal Classification     Non-Fiction Footprints International School Library Network Toul Kork Campus Footprints International School Library Network Toul Kork Campus TK Primary Library Room(4th Floor), Bookcase 7, Shelves 57-60, Dark Green Books 12/20/2024   MCC 599.7571392 QL737.C23 FISTK02693 12/20/2024 1 12/20/2024 Books
    Dewey Decimal Classification     Non-Fiction Footprints International School Library Network Toul Kork Campus Footprints International School Library Network Toul Kork Campus TK Primary Library Room(4th Floor), Bookcase 7, Shelves 57-60, Dark Green Books 12/20/2024   MCC 599.7571392 QL737.C23 FISBK07063 08/21/2025 2 12/20/2024 Books